Flaggen von nicht anerkannten Ländern und Überseegebieten - Statistiken

Allgemein
  • Dieses Quiz wurde 798 mal gespielt
  • Das Durchschnittsergebnis liegt bei 39 aus 71
Antwortstatistiken
Bildquiz Antwort % Korrekt
Schottland
100%
Wales
99%
England
96%
Gibraltar
93%
Isle of Man
86%
Grönland
85%
Nordirland
84%
Taiwan
83%
Hongkong
82%
Puerto Rico
81%
Amerikanische Jungferninseln
80%
Britische Jungferninseln
80%
Färöer
78%
Mayotte
75%
Guam
74%
Palästina
74%
Jersey
72%
Cookinseln
71%
Guernsey
69%
Macau
67%
Weihnachtsinsel
66%
Åland
64%
Amerikanisch-Samoa
64%
Neukaledonien
62%
Bermuda
61%
Französisch-Polynesien
61%
Aruba
60%
Curacao
60%
Falklandinseln
60%
Niue
59%
Kurdistan
58%
Französisch-Guyana
57%
Nordzypern
56%
Guadeloupe
54%
Kokosinseln
54%
Anguilla
53%
Katalonien
53%
Norfolkinsel
53%
Westsahara
53%
La Réunion
51%
St. Helena
50%
Kaimaninseln
48%
Transnistrien
48%
Turks- und Caicosinseln
48%
Martinique
46%
Tibet
46%
Sint Maarten
45%
Somaliland
45%
Nördliche Marianen
44%
Montserrat
43%
Bonaire
41%
Osterinsel
41%
Abchasien
39%
Pitcairninseln
39%
Saint-Martin
39%
Britisches Territorium im Indischen Ozean
38%
Südgeorgien und die Südlichen Sandwichinseln
38%
Saint-Pierre und Miquelon
37%
Französische Süd- und Antarktisgebiete
36%
Südossetien
35%
Wallis und Futuna
32%
Arzach
29%
Québec
29%
Saba
29%
Saint-Barthélemy
28%
Tristan da Cunha
27%
Krim
25%
Ascension
21%
Sint Eustatius
21%
Darfur
15%
Jammu und Kashmir
12%
Keine übereinstimmenden Quizze gefunden
Verteilung der Resultate
Anzahl Personen mit jedem Resultat
Perzentil nach korrekt beantworteten Fragen
Ihre Resultats-Entwicklung
Sie haben dieses Quiz noch nicht gespielt